000 00551nam a2200181Ia 4500
008 151018s9999 xx 000 0 und d
082 _bRBASDV47903
_a891.433
100 _aओमप्रकाश कश्यप
245 _aविजयपथ
250 _b1
260 _bमित्तल एंड सन्स
_c2007
300 _a168
600 _aओमप्रकाश कश्यप
630 _aविजयपथ
700 _aओमप्रकाश कश्यप
730 _aविजयपथ
942 _cBOOK
999 _c1047033
_d1047030